Očakávania a realita Východného partnerstva

Európska únia prostredníctvom svojej politiky Východného partnerstva ponúkla pred rokom šiestim bývalým sovietskym krajinám veľa. Ak budú ochotné a schopné využiť ponúknuté nástroje, môžu sa tieto štáty stať súčasťou jednotného európskeho priestoru so slobodným pohybom tovaru, kapitálu, služieb a os...

ver descrição completa

Na minha lista:
Detalhes bibliográficos
Autor principal: Duleba, Alexander
Formato: Capítulo de Livro
Idioma:eslovaco
Assuntos:
Tags: Adicionar Tag
Sem tags, seja o primeiro a adicionar uma tag!

MARC

LEADER 00000naa$a2200000$$$4500
001 0117057
005 20231018093818.7
041 0 |a slo 
044 |a SK 
245 1 0 |a Očakávania a realita Východného partnerstva  |c Alexander Duleba 
520 |a Európska únia prostredníctvom svojej politiky Východného partnerstva ponúkla pred rokom šiestim bývalým sovietskym krajinám veľa. Ak budú ochotné a schopné využiť ponúknuté nástroje, môžu sa tieto štáty stať súčasťou jednotného európskeho priestoru so slobodným pohybom tovaru, kapitálu, služieb a osôb. Podľa cieľov je Východné partnerstvo súčasťou Spoločnej zahraničnej a bezpečnostnej politiky EÚ, podľa nástrojov, ktoré používa, je súčasťou politiky rozširovania. Ak sa politické elity Arménska, Azerbajdžanu, Bieloruska, Gruzínska, Moldavska a Ukrajiny chopia ponuky EÚ, môžu svoje krajiny dostať z problémov a transformovať v súlade s európskou legislatívou. 
610 2 0 |a Európska únia 
610 2 0 |a spolupráca hospodárska medzinárodná 
610 2 0 |a partnerstvo strategické 
610 2 0 |a integrácia 
610 2 0 |a transformácia 
100 1 |a Duleba, Alexander